Регионална библиотека "Любен Каравелов" - Русе

Проверката на изпълнението в работата на профкомитетите (Запис номер 378768)

MARC детайли
000 -Лидер
Контролно поле с фиксирана дължина 01372nam a2200337 c 4500
003 - Код на организацията, давaща контролен номер
Контролно поле BLK
005 - Дата и час на последна редакция
Контролно поле 20240612151345.0
008 - Елементи от данни с фиксирана дължина
fixed length control field 202008b bul|||||r ||||||| ||bul||
020 ## - Международен стандартен номер на книга ISBN
Международен стандартен номер на книга ISBN БК 0800
040 ## - Източник на каталожния запис
Идентификатор на билиотеката - собственик на записа BLK
041 ## - Код за език
Код за езика на текст/звукозапис или на отделно заглавие Български
Код за езика КДБФ Български
080 ## - УДК
Текстов определител УДК Профсъюзно движение. Професионални съюзи
УДК код - определител по УДК 331.105.5
УДК - код + определител 331.105.5
УДК определител 331.105.5
100 ## - Редна дума - Автор
Автор Латишева, А.
Авторска отговорност първи автор
R(LIN) 1299
139 ## - Редно поле
Редна дума Латишева, А.
Авторски знак Лат - Л 27
245 10 - Сведения за заглавието
Заглавие Проверката на изпълнението в работата на профкомитетите
Редно поле (дума) А. Латишева ; Прев. от рус. Катя Койчева
257 ## - Страна на издаване
Страна на създаване/издаване СССР
260 ## - Област на издателските данни
Място на издаване, разпространение и проч. София
Име на издателя, разпространителя и проч. Профиздат
Година на издаване 1962
300 ## - Физическа характеристика
Страници 76 с.
Размери/Мащаб 18 см
380 ## - Жанр
Жанр Обществени науки
490 ## - СЕРИИ (Колекции)
9 (RLIN) 204801
Име на серия Библиотека Челен съветски опит
№: серия 10
501 ## - Забележка „подвързано към”
Забележка: Подвързано към... 5 100 тир
650 #0 - Допълнително описание по предмет – тема
9 (RLIN) 421020
Основно описание – тема или топоним Профсъюзи - България - Наръчници
653 #7 - Ключова дума – ненормативна
Ключова дума профсъюзно движение
9 (RLIN) 194825
700 ## - Други автори (авторска отговорност)
Лично име Койчева, Катя Атанасова
Дати, свързани с автора 1926 - 1993
Друга информация Преводач от руски език
9 (RLIN) 281153
852 ## - Местоположение
Форматна сигнатура Цб І 5669
Фондова буква Хранилище
856 4# - Електронен адрес и достъп
Електронен формат pdf - файл
Път до файла /url/
856 4# - Електронен адрес и достъп
Електронен формат pdf - файл
Път до файла /url/
999 ## - СИСТЕМНИ КОНТРОЛНИ НОМЕРА
Koha biblionumber 378768
Koha biblioitemnumber 378768
942 ## - АРТИКУЛИ
Вид на библиотечния материал Книги
Скрит в OPAC Не
Периодичен библиозапис Да
944 ## - СЪЗДАВАНЕ И РЕДАКЦИЯ на ЗАПИСА
Създаване/Редакция Създаване
Дата на регистрацията/редакция 2020-08-04
Служител, извършил регистрацията/редакцията 30560
Статус, дата на статуса Геновева Генчева
999 ## - СИСТЕМНИ КОНТРОЛНИ НОМЕРА
Koha biblioitemnumber 433079
Наличности
Код за отписване Код за изгубен артикул Източник на класификационната схема Код за повреда Коз за рестрикции Код за отдаване Артикулен № Име на библиотеката - собственик Име на библиотеката, в която се намира в момента Статус (Текущо местоположение) Дата на вписване в системата Местоположение - отдел Цена в лева Инвентарен номер Систематично азбучна сигнатура Баркод Цена в евро Служебен тип на артикула
  Не е изгубен Universal Decimal Classification Не е повреден само за читалня ползва се в читалня 788239 Регионална библиотека "Любен Каравелов" Русе Регионална библиотека "Любен Каравелов" Русе Хранилище 2020-08-06 Хранилище 0.15 20277/62 Цб І 5669 900000027630 0.08 Книги
Vip Innovations Ltd, Rousse, Bulgaria 2025